Thomas register of Indian manufacturers 2010.
| Format: | Book |
|---|---|
| Published: |
Noida:
Thomas international publishing,
2010.
|
| LEADER | 00285cam a2200085 7i4500 | ||
|---|---|---|---|
| 001 | 0000025443 | ||
| 005 | 20101222090000.0 | ||
| 245 | 0 | 0 | |a Thomas register of Indian manufacturers 2010. |
| 260 | 0 | 0 | |a Noida: |b Thomas international publishing, |c 2010. |
| 999 | |a CDR001011H |b CD-ROM |c AV Collection |e Business Information Centre | ||